000
00332pab a2200145 454500
008
180718b1998 xxu||||| |||| 00| 0 eng d
100
_a
Ilaiah, Kancha
245
_a
Education and the dignity of labour
260
_c
1998
300
_a
p.6-7
362
_a
7 Nov
650
_a
Education
773
_a
Young Indian
909
_a
39269
999
_c
39269
_d
39269